000 00478nam a2200181Ia 4500
008 151202s9999||||xx |||||||||||||| ||und||
082 _bPNVM-37256
100 _aMC DERMOIT J. E.
245 _aSEX PROBLEM IN MODERN SOCIETY.
260 _bMODERN LIBIRARY N.Y.
260 _c1988
300 _a404
600 _aMC DERMOIT J. E.
630 _aSEX PROBLEM IN MODERN SOCIETY.
700 _aMC DERMOIT J. E.
730 _aSEX PROBLEM IN MODERN SOCIETY.
942 _cBOOK
999 _c1303208
_d1303205